00383nam a2200145Ia 4500008004100000082001600041100001900057245004400076250000600120260003300126300002000159500002400179650001500203700001900218230524s9999 xx 000 0 und d a621.43bDOM aV.M.Domkundwar 2aA course in Internal Combustion Engines a4 aNew DelhibDhanpat raic2013 a"XXIII,A-A38p;" aQuantity Number: 1 aElectrical aA.V.Domkundwar